Mapping South-South Connections during the Decolonization Process and Cold War (1810-1990) : The Islamicate and Ibero-American Worlds /

Mapping South-South Connections during the Decolonization Process and Cold War (1810-1990): The Islamicate and Ibero-American Worlds offers a groundbreaking exploration of the period's historical, political, and cultural networks. Through interdisciplinary approaches-from diplomacy and visual c...

وصف كامل

محفوظ في:

مؤلفون آخرون: Mauriello, Raffaele (المحرر), Padilla, Fernando Camacho (المحرر)

التنسيق: كتاب الكتروني

اللغة: English

منشور في: Leiden ; Boston : Brill, 2026.

سلاسل: Islamicate and Ibero-American World Connections ; 2.
Middle East and Islamic Studies E-Books Online, Collection 2026

الموضوعات:

الوصول للمادة أونلاين: Login to view Source

الوسوم: إضافة وسم

لا توجد وسوم, كن أول من يضع وسما على هذه التسجيلة!

رقم الطلب: F1418

LEADER 04960nam a22005298i 4500
001 BRILL9789004755253
003 nllekb
005 20260324115024.0
006 m d
007 cr un uuuua
008 251119s2026 gw sb 001 0 eng d
020 |a 9789004755253  |q (electronic book) 
020 |z 9789004724808  |q (print) 
024 7 |a 10.1163/9789004755253  |2 DOI 
040 |a NL-LeKB  |c NL-LeKB  |e rda 
041 |a eng 
050 4 |a F1418 
072 7 |a HBTB  |2 bicssc 
072 7 |a HIS  |x 054000  |2 bisacsh 
072 7 |a SOC  |x 008000  |2 bisacsh 
082 0 4 |a 327.73/08 
245 0 0 |a Mapping South-South Connections during the Decolonization Process and Cold War (1810-1990) :  |b The Islamicate and Ibero-American Worlds /  |c edited by Raffaele Mauriello and Fernando Camacho Padilla. 
246 3 |a The Islamicate and Ibero-American Worlds 
264 1 |a Leiden ;  |a Boston :  |b Brill,  |c 2026. 
264 4 |c ©2026 
300 |a 1 online resource (360 pages) :  |b illustrations. 
336 |a text  |b txt  |2 rdacontent 
337 |a computer  |b c  |2 rdamedia 
338 |a online resource  |2 rdacarrier 
490 1 |a Islamicate and Ibero-American World Connections ;  |v 2 
490 1 |a Middle East and Islamic Studies E-Books Online, Collection 2026 
504 |a Includes bibliographical references and index. 
505 0 |t List of Figures -- Notes on Contributors -- A Note on Transliteration -- Mapping South-South Connections between the Islamicate and Ibero-American Worlds: an Introduction --   Raffaele Mauriello and Fernando Camacho Padilla -- 1 The Historical Background of European Colonialism in the Muslim World: the Journey of Ali Bey el Abbassi (1803-1808) --   Fernando Escribano Martín -- 2 Latin America and North Africa: Three Moments in the Genealogy of Third Worldism --   Martín Bergel -- 3 A Cuban in the Ottoman Empire: the Journey of Professor Juan Miguel Dihigo "to the Old Orient" --   Reinaldo M. Sánchez Porro -- 4 Rodolfo Gil Benumeya and Carlos de Baraibar: Two Spaniards in the Rapprochement between Spanish America and the Arab Islamic World --   Juan José Vagni -- 5 A Bridge between East and West? The Conflicts inside Chilean Zionism and the Role of Sephardic Communities (1909-1935) --   Mario Matus González -- 6 Approximations and Confrontations between Revolutionary Cuba and the Imperial State of Iran during the Cold War (1959-1979) --   Fernando Camacho Padilla -- 7 Latin America's Visual Culture and Art in Iran in the Advent of the Islamic Revolution: Lost and Hidden Murals of Iran's 1977-1979 Revolution --   Raffaele Mauriello -- 8 A Joint Struggle against Imperialism: the Internationalisation of the Montoneros in Africa, Asia and the Middle East --   Eudald Cortina Orero -- 9 "We Have Mountains Too, Che Guevara": Latin American Influence on the Radicalization of the 1968 Generation in Turkey --   Barış Ahmet Yörümez -- 10 "Between the AK and the Shatwa " --    The Representation of Arab Women in the Graphic Production of the Organization of Solidarity of the Peoples of Africa, Asia and Latin America (1967-2019) --   Alberto García Molinero -- Index. 
520 |a Mapping South-South Connections during the Decolonization Process and Cold War (1810-1990): The Islamicate and Ibero-American Worlds offers a groundbreaking exploration of the period's historical, political, and cultural networks. Through interdisciplinary approaches-from diplomacy and visual culture to women's studies and political science-this volume highlights state and non-state actors who shaped international relations beyond Euro-American paradigms. Rooted in a research project and major international conference, and enriched by additional contributions, it introduces original studies on underexplored connections between Ibero-America and the Islamicate world, often drawing on primary sources difficult to access due to geographic, linguistic, or political barriers. Contributors are Martín Bergel, Fernando Camacho Padilla, Eudald Cortina Orero, Fernando Escribano Martín, Alberto García Molinero, Mario Matus González, Raffaele Mauriello, Reinaldo M. Sánchez Porro, Juan José Vagni, and Barış Ahmet Yörümez. 
546 |a English 
588 |a Description based on print version record. 
650 0 |a American Studies. 
650 0 |a Global History. 
650 0 |a History. 
651 0 |a Latin America. 
700 1 |a Mauriello, Raffaele,  |e editor. 
700 1 |a Padilla, Fernando Camacho,  |e editor. 
776 0 8 |i Print version:  |t Mapping South-South Connections during the Decolonization Process and Cold War (1810-1990) : The Islamicate and Ibero-American Worlds.  |d Leiden ; Boston : Brill, 2026.  |z 9789004724808  |w (OCoLC)1543504886 
830 0 |a Islamicate and Ibero-American World Connections ;  |v 2. 
830 0 |a Middle East and Islamic Studies E-Books Online, Collection 2026 
856 4 |z DOI:   |u http://dx.doi.org/10.1163/9789004755253 
999 |c 61964  |d 61964